00862 a2200169 45000010006000000050017000060080041000230030015000640400040000790800039001192450051001582640027002093000019002365050409002550410008006641000020006724186120260407155709.0260407a1962 arg spa dAR-UNSa-BCEJYS aAR-UNSa-BCEJYSbspacAR-UNSa-BCEJYS a167xInvestigación científica 10aLa lógica de la investigación científica 1aMadrid :bTecnosc1962 a451 p.c23 cm. a1. Panorama de algunos problemas fundamentales - 2. Sobre el problema de una teoría del método científico - 3. Teorías - 4. La falsabilidad - 5. El problema de la base empírica - 6. Grados de contrastabilidad - 7. La sencillez - 8. La probabilidad - 9. Algunas observaciones sobre la teoría cuántica - 10. La corroboración. o de qué forma sale indemne de la contrastación una teoría aspa1 aPopper, Karl R.